000 00464ntaaa2200181 4500
003 01
005 20251027202504.0
008 0714s1973 ag 01
040 _aAR-BaBN
_bspa
_cAR-BaBN
_eaacr
_dRIC
082 _a220.7000 Ac8
100 _aAuzou, Georges
_910869
245 _aLa Fuerza del espiritu, estudio del libro de los Jueces.
250 _a1 ed.
260 _aMadrid :
_bFax,
_c1968
300 _a342 p
650 _aBiblia-AT-Jueces
_923777
942 _cBK
999 _c19874
_d19874